000
00269nam a2200109Ia 4500
008
200302s9999 xx 000 0 und d
100
_a
Deborah. S. Ryan
245
_a
Ideal Home Through the 20th Century
260
_b
Hazar Publishing
260
_c
1997
300
_a
175 P.,
999
_c
2421
_d
2421